Statistics for Top Girls Names in New Hampshire-1983

Click here to take the quiz!

General Stats

  • This quiz has been taken 54 times
  • The average score is 20 of 51

Answer Stats

RankAnswer% Correct
1Jennifer
84%
10Elizabeth
79%
22Sara
71%
15Emily
71%
2Jessica
68%
23Rachel
63%
27Lisa
61%
17Michelle
58%
25Katherine
58%
12Rebecca
58%
21Laura
58%
19Kristen
53%
31Lauren
53%
46Kristin
53%
3Sarah
50%
43Hannah
50%
7Nicole
47%
8Ashley
47%
5Melissa
45%
16Kimberly
45%
48Julie
45%
4Amanda
45%
9Amy
45%
6Heather
42%
11Stephanie
42%
24Katie
39%
35Samantha
39%
49Amber
37%
39Meghan
37%
26Kelly
37%
18Megan
37%
20Danielle
34%
30Christina
32%
40Allison
32%
32Tiffany
32%
28Angela
29%
13Erin
26%
14Crystal
26%
42Christine
24%
41Courtney
24%
37Shannon
24%
34Andrea
24%
47Abigail
21%
50Erica
21%
29Jamie
13%
38Lindsey
11%
36Lindsay
11%
45Jillian
11%
33Holly
11%
51Heidi
5%
44Kathryn
0%

Score Distribution

Percentile by Number Answered

Percent of People with Each Score

Your Score History

You have not taken this quiz